[Event "88th ch-ARG Superior 2013"]
[Site "Resistance/Saenz Pena ARG"]
[Date "2013.08.25"]
[Round "1.1"]
[White "Mareco, Sandro"]
[Black "Felgaer, Ruben"]
[Result "1/2-1/2"]
[WhiteTitle "GM"]
[BlackTitle "GM"]
[WhiteElo "2561"]
[BlackElo "2586"]
[WhiteFideId "112275"]
[BlackFideId "107069"]
[EventDate "2013.08.25"]

1. e4 c5 2. Nf3 Nc6 3. Bb5 g6 4. O-O Bg7 5. Re1 e5 6. Bxc6 dxc6 7. h3 Ne7 8. d3
h6 9. a3 a5 10. Be3 b6 11. Nbd2 Be6 12. Nc4 Qc7 13. b4 Bxc4 14. dxc4 axb4 15.
axb4 Rxa1 16. Qxa1 cxb4 17. Qa8+ Nc8 18. Qa4 O-O 19. c5 bxc5 20. Bxc5 Re8 21.
Qxb4 Bf8 22. Bxf8 Rxf8 23. Rd1 Re8 24. Rd3 Kg7 25. h4 h5 26. Qc5 Re6 27. Ng5 Re7
28. g3 f6 29. Nf3 Rd7 30. Qc4 Rxd3 31. Qxd3 1/2-1/2

[Event "88th ch-ARG Superior 2013"]
[Site "Resistance/Saenz Pena ARG"]
[Date "2013.08.25"]
[Round "1.2"]
[White "Pierrot, Facundo"]
[Black "Perez Ponsa, Federico"]
[Result "0-1"]
[WhiteTitle "IM"]
[BlackTitle "GM"]
[WhiteElo "2419"]
[BlackElo "2497"]
[WhiteFideId "103250"]
[BlackFideId "117927"]
[EventDate "2013.08.25"]

1. d4 Nf6 2. Nf3 e6 3. c4 Bb4+ 4. Bd2 c5 5. g3 b6 6. Bg2 Bb7 7. Bxb4 cxb4 8. O-O
O-O 9. a3 bxa3 10. Rxa3 d5 11. Ne5 Nc6 12. Nc3 Nb4 13. Qd2 Qe7 14. Rfa1 a5 15.
cxd5 exd5 16. Na2 Nxa2 17. R3xa2 Ne4 18. Qe3 Rac8 19. Qa3 Qe6 20. Qb3 Rfe8 21.
e3 Ba6 22. Qd1 Qf5 23. f3 Nd6 24. Qb3 Nc4 25. f4 Nxe5 26. dxe5 Bc4 27. Qd1 Bxa2
28. Rxa2 Qc2 29. Ra1 Qxb2 30. Bxd5 Red8 0-1

[Event "88th ch-ARG Superior 2013"]
[Site "Resistance/Saenz Pena ARG"]
[Date "2013.08.25"]
[Round "1.3"]
[White "Iermito, Sebastian"]
[Black "Paveto, Kevin"]
[Result "1-0"]
[WhiteTitle "IM"]
[BlackTitle "FM"]
[WhiteElo "2473"]
[BlackElo "2343"]
[WhiteFideId "114286"]
[BlackFideId "173444"]
[EventDate "2013.08.25"]

1. e4 e5 2. Nf3 Nc6 3. Bb5 f5 4. d3 fxe4 5. dxe4 Nf6 6. O-O Bc5 7. Bxc6 bxc6 8.
Nxe5 O-O 9. Nc3 Qe8 10. Nd3 Bd4 11. e5 Bxe5 12. Re1 d6 13. Bf4 Bg4 14. Qb1 Nd7
15. Bxe5 dxe5 16. Qc1 Qg6 17. Nxe5 Nxe5 18. Rxe5 Rae8 19. Rxe8 Rxe8 20. Qf4 Rf8
21. Qxc7 Qxc2 22. Rf1 Qxb2 23. Qxc6 Rc8 24. Qd5+ Kh8 25. Ne4 Qc1 26. f3 Qe3+ 27.
Kh1 Qe2 28. Rb1 Qc2 29. Rg1 Qc4 30. Qd2 Qc6 31. Nd6 Qc2 32. Qxc2 Rxc2 33. fxg4
Rxa2 34. Rc1 h6 35. h3 a5 36. Rc8+ Kh7 37. Rc7 Kg6 38. Ne8 Kg5 39. Nxg7 a4 40.
Nh5 a3 41. Rg7+ Kh4 42. Kh2 Rb2 43. Ng3 1-0

[Event "88th ch-ARG Superior 2013"]
[Site "Resistance/Saenz Pena ARG"]
[Date "2013.08.25"]
[Round "1.4"]
[White "Lorenzini, Martin"]
[Black "Liascovich, Lucas"]
[Result "1/2-1/2"]
[BlackTitle "IM"]
[WhiteElo "2487"]
[BlackElo "2447"]
[WhiteFideId "105570"]
[BlackFideId "108634"]
[EventDate "2013.08.25"]

1. e4 c5 2. Nf3 e6 3. d3 Nc6 4. g3 g6 5. Bg5 f6 6. Bd2 d5 7. Bg2 Bg7 8. exd5
exd5 9. O-O Nge7 10. Re1 O-O 11. h3 b6 12. c4 Bb7 13. Nc3 dxc4 14. dxc4 Nb4 15.
Qb1 Nf5 16. a3 Bxf3 17. Bxf3 Nd4 18. Bxa8 Qxa8 19. Qe4 Nbc2 20. Qxa8 Rxa8 21.
Kg2 Nxa1 22. Rxa1 Nb3 23. Rd1 Na5 24. Ne4 Rd8 25. Re1 Nxc4 26. Bc3 Kf7 27. a4
Rd5 28. b4 cxb4 29. Bxb4 Rd4 30. Bc3 Rd3 31. Rc1 Bh6 32. Rc2 Na3 33. Ra2 f5 34.
Bd2 fxe4 35. Bxh6 Ke6 36. Bf4 Kd5 37. Rb2 Nc4 38. Rb5+ Kc6 39. Rb4 Rc3 40. h4 a5
41. Rb5 Rc2 42. Kg1 Rb2 43. Rg5 b5 44. h5 gxh5 45. axb5+ Rxb5 46. Rg8 a4 47.
Rc8+ Kd5 48. Rd8+ Kc5 49. Bh6 Kb4 50. Re8 Re5 51. Bf8+ Kb5 52. Rd8 Rf5 53. Be7
Rf7 54. Rb8+ Kc6 55. Rc8+ Kd5 56. Rd8+ Ke6 57. Bb4 Rb7 58. Bf8 Ne5 59. Kf1 Rb1+
60. Ke2 Ng4 61. Bg7 Rb7 62. Ba1 Rf7 63. Bd4 Rf3 64. Ra8 a3 65. Ra5 Rd3 66. Bc5
Rc3 67. Bxa3 Rc2+ 68. Ke1 Nxf2 69. Rxh5 Nd3+ 70. Kd1 Ra2 71. Bc5 Rg2 72. Bb6
Rxg3 73. Rxh7 Kd5 74. Rh5+ Kc4 75. Rh4 Kd5 76. Rh5+ Kc6 77. Rh6+ Kb5 78. Re6 Rg4
79. Be3 Nb4 80. Rd6 Kc4 81. Rd4+ Kc3 82. Rd8 Kc4 83. Rd4+ Kb3 84. Rd7 Rg2 85.
Rd4 Rg4 86. Rd8 Nc6 87. Rd5 Kc4 88. Rd6 Ne5 89. Ke2 Rh4 90. Rd8 Rh2+ 91. Kf1 Nf3
92. Bf2 Kc3 93. Rc8+ Kd2 94. Rd8+ Kc2 95. Rc8+ Kd1 96. Re8 Nd2+ 97. Kg1 Rh3 98.
Bc5 Ke2 99. Kg2 Rh5 100. Bb6 Rg5+ 101. Kh3 Rb5 102. Ba7 Rb4 103. Kg3 Nf3 104.
Kf4 Kd3 105. Rd8+ Ke2 106. Re8 Nd2 107. Be3 Ra4 108. Re7 Rc4 109. Re8 Ra4 110.
Re7 Rc4 111. Re8 Nf1 112. Rxe4 Nxe3 113. Rxc4 Nxc4 1/2-1/2

[Event "88th ch-ARG Superior 2013"]
[Site "Resistance/Saenz Pena ARG"]
[Date "2013.08.25"]
[Round "1.5"]
[White "Slipak, Sergio"]
[Black "Valerga, Diego"]
[Result "1-0"]
[WhiteTitle "GM"]
[BlackTitle "GM"]
[WhiteElo "2444"]
[BlackElo "2490"]
[WhiteFideId "100250"]
[BlackFideId "100587"]
[EventDate "2013.08.25"]

1. d4 d5 2. c3 e6 3. Nf3 Nf6 4. Bg5 Be7 5. Nbd2 Nbd7 6. e3 c5 7. Bd3 b6 8. a3
Bb7 9. b4 cxd4 10. cxd4 Ne4 11. Bxe7 Qxe7 12. Rc1 Nxd2 13. Nxd2 Qd6 14. O-O Ke7
15. Qg4 h6 16. f4 Rag8 17. Nf3 g5 18. Ne5 h5 19. Qe2 f5 20. Ba6 Nxe5 21. fxe5
Qb8 22. Rc3 Rc8 23. Rfc1 g4 24. Bb5 Rxc3 25. Rxc3 Rc8 26. Qf2 Rxc3 27. Qh4+ Kf8
28. Qf6+ Kg8 29. Qxe6+ Kg7 30. Qf6+ Kh7 31. Bd7 Qc7 32. Qf7+ Kh6 33. Qf8+ Kg6
34. Bxf5+ 1-0

[Event "88th ch-ARG Superior 2013"]
[Site "Resistance/Saenz Pena ARG"]
[Date "2013.08.25"]
[Round "1.6"]
[White "Flores, Diego"]
[Black "Tristan, Leonardo"]
[Result "1-0"]
[WhiteTitle "GM"]
[BlackTitle "IM"]
[WhiteElo "2578"]
[BlackElo "2457"]
[WhiteFideId "108049"]
[BlackFideId "113816"]
[EventDate "2013.08.25"]

1. c4 Nf6 2. Nf3 e6 3. g3 d5 4. Bg2 dxc4 5. Qa4+ Nbd7 6. Qxc4 c5 7. Qc2 Be7 8.
O-O O-O 9. Nc3 Nb6 10. b3 Nbd5 11. Bb2 b6 12. Ng5 g6 13. f4 Bb7 14. a3 Ne8 15.
Nce4 Nec7 16. Nf2 f5 17. e4 Nf6 18. exf5 Bxg2 19. fxg6 Bb7 20. gxh7+ Kh8 21. Ng4
Qd5 22. Rf3 Qf5 23. Qxf5 exf5 24. Re3 Bd8 25. Ne5 Kg7 26. Nd7 Re8 27. Rxe8 Nxe8
28. Re1 Be4 29. d3 Nd6 30. dxe4 fxe4 31. h8=Q+ 1-0

[Event "88th ch-ARG Superior 2013"]
[Site "Resistance/Saenz Pena ARG"]
[Date "2013.08.26"]
[Round "2.1"]
[White "Felgaer, Ruben"]
[Black "Krysa, Leandro"]
[Result "1/2-1/2"]
[WhiteTitle "GM"]
[BlackTitle "IM"]
[WhiteElo "2586"]
[BlackElo "2422"]
[WhiteFideId "107069"]
[BlackFideId "116807"]
[EventDate "2013.08.25"]

1. e4 e5 2. Nf3 Nc6 3. Bb5 Nf6 4. O-O Nxe4 5. d4 Nd6 6. Bxc6 dxc6 7. dxe5 Nf5 8.
Qxd8+ Kxd8 9. Nc3 Ke8 10. h3 h6 11. Bf4 Bd7 12. Rad1 Rd8 13. Bh2 h5 14. Ne4 Be7
15. Nfg5 Bxg5 16. Nxg5 Ke7 17. g4 hxg4 18. hxg4 Nh4 19. Bg3 Ng6 20. f3 Be6 21.
Rxd8 Rxd8 22. Nxe6 fxe6 23. f4 Rd2 24. f5 Nf8 25. Bh4+ Ke8 26. c3 Rxb2 27. Rd1
Rb5 28. Rd8+ Kf7 29. Rc8 exf5 30. gxf5 Rxe5 31. Rxc7+ Kg8 32. Rxb7 Rxf5 33. Rxa7
Ng6 34. Be1 Nf4 35. a4 g5 36. a5 Rd5 37. a6 Rd1 38. Re7 Kf8 39. a7 Kxe7 40. a8=Q
Rxe1+ 41. Kf2 Re6 42. Kf3 Nd5 43. Qa7+ Kd6 44. c4 Nf6 45. Qa3+ Kd7 46. Qf8 Ne8
47. Qf7+ Kd6 48. Kg4 Re7 49. Qg6+ Kd7 50. Qd3+ Kc8 51. Kxg5 Nc7 52. Kf6 Re6+ 53.
Kf7 Kb7 54. Qb3+ Kc8 55. Qb1 Re5 56. Qc2 c5 57. Qg2 Kd7 58. Kf6 Re6+ 59. Kf5 Rd6
60. Qg8 Kc6 61. Qg2+ Kd7 62. Qf1 Kc6 63. Qg1 Re6 64. Qh1+ Kd7 65. Qh7+ Kc6 66.
Qf7 Kd6 67. Qg8 Re5+ 68. Kg4 Re4+ 69. Kf3 Re6 70. Qg3+ Kc6 71. Qg2 Kd6 72. Qb2
Kc6 73. Kf4 Rd6 74. Ke3 Kd7 75. Qg7+ Kc6 1/2-1/2

[Event "88th ch-ARG Superior 2013"]
[Site "Resistance/Saenz Pena ARG"]
[Date "2013.08.26"]
[Round "2.2"]
[White "Tristan, Leonardo"]
[Black "Peralta, Fernando"]
[Result "1/2-1/2"]
[WhiteTitle "IM"]
[BlackTitle "GM"]
[WhiteElo "2457"]
[BlackElo "2609"]
[WhiteFideId "113816"]
[BlackFideId "105309"]
[EventDate "2013.08.25"]

1. d4 d5 2. c4 e6 3. Nc3 Bb4 4. Nf3 Nf6 5. cxd5 exd5 6. Bg5 h6 7. Bxf6 Qxf6 8.
e3 c6 9. Qa4 Bxc3+ 10. bxc3 O-O 11. Qb3 Nd7 12. Be2 Nb6 13. Ne5 Qg5 14. h4 Qe7
15. g4 f6 16. Nd3 Bxg4 17. Bxg4 Qe4 18. Rg1 Qxd3 19. Be2 Qf5 20. a4 Rf7 21. a5
Nc8 22. Bg4 Qe4 23. Qb1 Qxb1+ 24. Rxb1 Re7 25. Bxc8 Rxc8 26. h5 b5 27. axb6 Rb8
28. Ke2 Rxb6 29. Rxb6 axb6 30. Ra1 Kf7 31. Ra8 f5 32. Rc8 Re6 33. Kf3 Kf6 34.
Kf4 Re4+ 35. Kf3 Re6 36. Kf4 Re4+ 1/2-1/2

[Event "88th ch-ARG Superior 2013"]
[Site "Resistance/Saenz Pena ARG"]
[Date "2013.08.26"]
[Round "2.3"]
[White "Valerga, Diego"]
[Black "Flores, Diego"]
[Result "1-0"]
[WhiteTitle "GM"]
[BlackTitle "GM"]
[WhiteElo "2490"]
[BlackElo "2578"]
[WhiteFideId "100587"]
[BlackFideId "108049"]
[EventDate "2013.08.25"]

1. e4 e5 2. Nf3 Nc6 3. Bb5 a6 4. Ba4 Nf6 5. O-O Be7 6. Re1 b5 7. Bb3 d6 8. c3
O-O 9. d4 Bg4 10. Be3 exd4 11. cxd4 d5 12. e5 Ne4 13. Nc3 Nxc3 14. bxc3 Na5 15.
Bc2 Bh5 16. Bf5 Nc4 17. g4 Bg6 18. Qd3 a5 19. h4 Bxh4 20. Kg2 Nxe3+ 21. Qxe3 h6
22. Rh1 Bg5 23. Qd3 b4 24. Rab1 Qe7 25. Rb2 Rab8 26. cxb4 axb4 27. Rc2 Rb6 28.
Rc5 Ra8 29. Qc2 Ra7 30. Rxd5 Rba6 31. Qe4 Rxa2 32. Bxg6 fxg6 33. Rb5 Kh7 34. e6
Bd2 35. Rd1 c6 36. Qxc6 Be3 37. Rf1 Re2 38. Kg3 Raa2 39. fxe3 Rxe3 40. Re5 Rxe5
41. dxe5 Ra7 42. Qd6 Qe8 43. Qxb4 Ra6 44. e7 Re6 45. Ra1 Rxe7 46. Qe4 Qb5 47.
Ra8 Qb3 48. Rd8 Rf7 49. Qa8 1-0

[Event "88th ch-ARG Superior 2013"]
[Site "Resistance/Saenz Pena ARG"]
[Date "2013.08.26"]
[Round "2.4"]
[White "Liascovich, Lucas"]
[Black "Slipak, Sergio"]
[Result "1/2-1/2"]
[WhiteTitle "IM"]
[BlackTitle "GM"]
[WhiteElo "2447"]
[BlackElo "2444"]
[WhiteFideId "108634"]
[BlackFideId "100250"]
[EventDate "2013.08.25"]

1. d4 d5 2. Bg5 Nd7 3. c4 dxc4 4. e4 h6 5. Be3 Nb6 6. Nd2 Nf6 7. f3 e6 8. a3 c3
9. bxc3 Bd7 10. c4 c5 11. d5 Qc7 12. a4 Bd6 13. a5 Nc8 14. g3 O-O 15. Ne2 Re8
16. Qb3 b5 17. axb6 Nxb6 18. Kf2 1/2-1/2

[Event "88th ch-ARG Superior 2013"]
[Site "Resistance/Saenz Pena ARG"]
[Date "2013.08.26"]
[Round "2.5"]
[White "Paveto, Kevin"]
[Black "Lorenzini, Martin"]
[Result "1-0"]
[WhiteTitle "FM"]
[WhiteElo "2343"]
[BlackElo "2487"]
[WhiteFideId "173444"]
[BlackFideId "105570"]
[EventDate "2013.08.25"]

1. e4 e5 2. Nf3 Nc6 3. Bc4 Bc5 4. b4 Bxb4 5. c3 Ba5 6. d4 exd4 7. Qb3 Qe7 8. O-O
Bb6 9. Ba3 d6 10. cxd4 Nxd4 11. Nxd4 Bxd4 12. Bxf7+ Qxf7 13. Qa4+ Bd7 14. Qxd4
Qf6 15. Qb4 Qxa1 16. Nc3 Qxf1+ 17. Kxf1 O-O-O 18. Qd4 Nf6 19. Qxa7 Bc6 20. Qa8+
Kd7 21. Qa5 Rde8 22. Qf5+ Kd8 23. Qg5 Kc8 24. f3 Rhg8 25. Ne2 Re5 26. Qc1 Bb5
27. Bxd6 1-0

[Event "88th ch-ARG Superior 2013"]
[Site "Resistance/Saenz Pena ARG"]
[Date "2013.08.26"]
[Round "2.6"]
[White "Perez Ponsa, Federico"]
[Black "Iermito, Sebastian"]
[Result "1/2-1/2"]
[WhiteTitle "GM"]
[BlackTitle "IM"]
[WhiteElo "2497"]
[BlackElo "2473"]
[WhiteFideId "117927"]
[BlackFideId "114286"]
[EventDate "2013.08.25"]

1. d4 Nf6 2. Nf3 e6 3. g3 c5 4. c4 cxd4 5. Nxd4 Bb4+ 6. Bd2 Qb6 7. e3 Nc6 8. Bg2
d5 9. O-O O-O 10. cxd5 Nxd4 11. Bxb4 Qxb4 12. Qxd4 Qxd4 13. exd4 Nxd5 14. Nc3
Nxc3 15. bxc3 Rb8 1/2-1/2

[Event "88th ch-ARG Superior 2013"]
[Site "Resistance/Saenz Pena ARG"]
[Date "2013.08.26"]
[Round "2.7"]
[White "Mareco, Sandro"]
[Black "Pierrot, Facundo"]
[Result "1-0"]
[WhiteTitle "GM"]
[BlackTitle "IM"]
[WhiteElo "2561"]
[BlackElo "2419"]
[WhiteFideId "112275"]
[BlackFideId "103250"]
[EventDate "2013.08.25"]

1. d4 Nf6 2. c4 e6 3. Nf3 b6 4. g3 Bb7 5. Bg2 Be7 6. O-O O-O 7. Re1 a5 8. Bf4
Na6 9. Nc3 Ne4 10. Nb5 c6 11. Nc3 Nxc3 12. bxc3 d5 13. Rb1 Nb8 14. c5 b5 15. e4
Nd7 16. e5 Qc7 17. a3 Rfe8 18. h4 Nf8 19. Bf1 Qd7 20. Bd3 Ba6 21. Bc2 b4 22.
cxb4 axb4 23. Rxb4 Bd8 24. Bd2 Bc7 25. a4 f5 26. exf6 gxf6 27. Nh2 Qg7 28. Rb3
e5 29. Ng4 e4 30. Bh6 Qe7 31. Rf3 Nd7 32. Bf4 Ba5 33. Bd2 Bc7 34. Rf5 Kh8 35.
Bf4 Qe6 36. Nh6 Ba5 37. Re3 Nf8 38. f3 Ng6 39. Bd6 Ne7 40. Rxf6 1-0

[Event "88th ch-ARG Superior 2013"]
[Site "Resistance/Saenz Pena ARG"]
[Date "2013.08.27"]
[Round "3.3"]
[White "Lorenzini, Martin"]
[Black "Perez Ponsa, Federico"]
[Result "1/2-1/2"]
[BlackTitle "GM"]
[WhiteElo "2487"]
[BlackElo "2497"]
[WhiteFideId "105570"]
[BlackFideId "117927"]
[EventDate "2013.08.25"]

1. e4 c6 2. c4 d5 3. exd5 Nf6 4. Nc3 cxd5 5. cxd5 Nxd5 6. Nf3 Nxc3 7. bxc3 g6 8.
Bc4 Bg7 9. O-O O-O 10. Re1 Nc6 11. Ba3 Bg4 12. d4 Rc8 13. Bb3 Qa5 14. Bxe7 Nxe7
15. Rxe7 Rxc3 16. Qe1 Bxf3 17. Rxf7 Kh8 18. Qe7 Rxf7 19. Qxf7 Qd8 20. gxf3 Qg5+
21. Kh1 Rc1+ 22. Rxc1 Qxc1+ 23. Kg2 Qg5+ 24. Kf1 Qc1+ 25. Ke2 Qb2+ 26. Ke1 Qc3+ 1/2-1/2

[Event "88th ch-ARG Superior 2013"]
[Site "Resistance/Saenz Pena ARG"]
[Date "2013.08.27"]
[Round "3.4"]
[White "Slipak, Sergio"]
[Black "Paveto, Kevin"]
[Result "1-0"]
[WhiteTitle "GM"]
[BlackTitle "FM"]
[WhiteElo "2444"]
[BlackElo "2343"]
[WhiteFideId "100250"]
[BlackFideId "173444"]
[EventDate "2013.08.25"]

1. Nf3 Nf6 2. c4 g6 3. Nc3 d5 4. cxd5 Nxd5 5. d3 Bg7 6. Bd2 O-O 7. g3 c5 8. Bg2
Nc6 9. Qc1 Nxc3 10. bxc3 Qd6 11. Bh6 Bxh6 12. Qxh6 Qf6 13. O-O Bd7 14. d4 cxd4
15. cxd4 Nxd4 16. Nxd4 Qxd4 17. Rad1 Qa4 18. e3 e5 19. f4 Bg4 20. Rd6 Be2 21. f5
gxf5 22. Qg5+ Kh8 23. Qf6+ 1-0

[Event "88th ch-ARG Superior 2013"]
[Site "Resistance/Saenz Pena ARG"]
[Date "2013.08.27"]
[Round "3.5"]
[White "Flores, Diego"]
[Black "Liascovich, Lucas"]
[Result "1-0"]
[WhiteTitle "GM"]
[BlackTitle "IM"]
[WhiteElo "2578"]
[BlackElo "2447"]
[WhiteFideId "108049"]
[BlackFideId "108634"]
[EventDate "2013.08.25"]

1. c4 e5 2. Nc3 Nf6 3. Nf3 Nc6 4. a3 g6 5. d3 Bg7 6. g3 O-O 7. Bg2 d6 8. O-O h6
9. Nd2 Be6 10. Nd5 Nh5 11. Rb1 Qd7 12. b4 Nd8 13. e4 c6 14. Ne3 Bh3 15. Nf3 Bxg2
16. Kxg2 Ne6 17. Bb2 Nd4 18. Nh4 Rfe8 19. Bxd4 exd4 20. Nef5 Nf6 21. Nxg7 Kxg7
22. Nf3 c5 23. a4 b6 24. a5 Qc7 25. Qa4 Reb8 26. Ra1 bxa5 27. bxc5 Qxc5 28. Rab1
Rb4 29. Qa1 Rab8 30. Rxb4 axb4 31. Nxd4 b3 32. Qb2 a5 33. Ra1 Rb4 34. Nb5 a4 35.
f4 Qe3 36. Nxd6 a3 37. Rxa3 Qxd3 38. Ne8+ Kf8 39. Nxf6 Rb8 40. Nd7+ Qxd7 41.
Qh8+ 1-0

[Event "88th ch-ARG Superior 2013"]
[Site "Resistance/Saenz Pena ARG"]
[Date "2013.08.27"]
[Round "3.7"]
[White "Krysa, Leandro"]
[Black "Tristan, Leonardo"]
[Result "1-0"]
[WhiteTitle "IM"]
[BlackTitle "IM"]
[WhiteElo "2422"]
[BlackElo "2457"]
[WhiteFideId "116807"]
[BlackFideId "113816"]
[EventDate "2013.08.25"]

1. d4 Nf6 2. c4 e6 3. Nc3 Bb4 4. Qc2 O-O 5. a3 Bxc3+ 6. Qxc3 d5 7. Nf3 dxc4 8.
Qxc4 b6 9. Bg5 Ba6 10. Qa4 c5 11. dxc5 bxc5 12. h4 Qb6 13. Bxf6 gxf6 14. Rb1 c4
15. Nd2 Bb5 16. Qc2 Nc6 17. Qc3 Rfd8 18. Qxf6 Nd4 19. Rh3 Nc2+ 20. Kd1 Ba4 21.
Kc1 Rxd2 22. Rg3+ Kf8 23. Qh6+ Ke7 24. Qg5+ f6 25. Qxd2 Qxf2 26. Rf3 Qxh4 27. g3
Qg5 28. Qxg5 fxg5 29. Kd2 Rd8+ 30. Kc3 Nd4 31. Rf2 Bb3 32. e3 Nb5+ 33. Kb4 Rb8
34. Rh2 Kf6 35. Kc5 a6 36. a4 Rc8+ 37. Kb4 Nd6 38. Rc1 Rb8+ 39. Ka5 Kg6 40. Rd2
Ne4 41. Rd4 Nc5 42. Rcxc4 Bxc4 43. Rxc4 Nxa4 44. Kxa4 Rxb2 45. Bh3 Rb6 46. Re4
Kf6 47. Ka5 Rd6 48. Bg4 Rc6 49. Kb4 Rb6+ 50. Kc3 Rc6+ 51. Kd2 a5 52. Rd4 Kg6 53.
Bf3 Ra6 54. Be4+ Kf6 55. Bxh7 a4 56. Bd3 Ra7 57. Bc4 a3 58. Ba2 Rh7 59. Kc3 Rh3
60. Rd6 Rxg3 61. Rxe6+ Kf5 62. Kd3 Rg1 63. Ra6 g4 64. Ra5+ Kf6 65. Rxa3 g3 66.
Ke2 Kg5 67. Kf3 Kh4 68. Ra4+ Kh5 69. Bf7+ Kh6 70. Rh4+ Kg5 71. Rg4+ Kf5 72. Rxg3 1-0

[Event "88th ch-ARG Superior 2013"]
[Site "Resistance/Saenz Pena ARG"]
[Date "2013.08.28"]
[Round "4.1"]
[White "Felgaer, Ruben"]
[Black "Tristan, Leonardo"]
[Result "1/2-1/2"]
[WhiteTitle "GM"]
[BlackTitle "IM"]
[WhiteElo "2586"]
[BlackElo "2457"]
[WhiteFideId "107069"]
[BlackFideId "113816"]
[EventDate "2013.08.25"]

1. e4 e5 2. Nf3 Nc6 3. Bb5 a6 4. Ba4 Nf6 5. O-O Be7 6. Re1 b5 7. Bb3 d6 8. c3
O-O 9. a3 Nb8 10. d4 Nbd7 11. Nbd2 Bb7 12. Bc2 Re8 13. b4 Bf8 14. Bb2 g6 15. c4
exd4 16. cxb5 axb5 17. Nxd4 Bg7 18. Nxb5 Ng4 19. Qxg4 Bxb2 20. Rab1 Bg7 21. Nf3
Ne5 22. Nxe5 Rxe5 23. a4 d5 24. f4 Rxe4 25. Bxe4 dxe4 26. Red1 Qf6 27. Qg5 Qxg5
28. fxg5 Be5 29. a5 Ba6 30. Nd4 Bd3 31. Nc6 Bf4 32. Rxd3 exd3 33. Kf2 Bxg5 34.
b5 Re8 35. Re1 Ra8 36. Rd1 d2 37. b6 cxb6 38. axb6 Bf4 39. b7 Ra2 40. b8=Q+ Bxb8
41. Nxb8 h5 42. Nd7 Kg7 43. Ne5 Ra5 44. Nf3 Rd5 45. Rxd2 Rf5 46. Rd7 Ra5 47. Ke3
Ra3+ 48. Ke4 Ra4+ 49. Ke5 Ra5+ 50. Rd5 Ra2 51. Rd2 Ra5+ 52. Kd6 Ra6+ 53. Kd7 Re6
54. Kd8 Re4 55. Kd7 Re6 56. Rf2 Rf6 57. Re2 Ra6 58. Rd2 Re6 1/2-1/2

[Event "88th ch-ARG Superior 2013"]
[Site "Resistance/Saenz Pena ARG"]
[Date "2013.08.28"]
[Round "4.2"]
[White "Valerga, Diego"]
[Black "Krysa, Leandro"]
[Result "1/2-1/2"]
[WhiteTitle "GM"]
[BlackTitle "IM"]
[WhiteElo "2490"]
[BlackElo "2422"]
[WhiteFideId "100587"]
[BlackFideId "116807"]
[EventDate "2013.08.25"]

1. e4 e5 2. Nf3 Nc6 3. Bb5 Nf6 4. d3 Bc5 5. O-O Nd4 6. Nxd4 Bxd4 7. Nc3 c6 8.
Ba4 d6 9. Be3 Bxe3 10. fxe3 O-O 11. Bb3 Be6 12. Qf3 b5 13. Ne2 a5 14. Bxe6 fxe6
15. Qh3 Qd7 16. Ng3 1/2-1/2

[Event "88th ch-ARG Superior 2013"]
[Site "Resistance/Saenz Pena ARG"]
[Date "2013.08.28"]
[Round "4.4"]
[White "Paveto, Kevin"]
[Black "Flores, Diego"]
[Result "0-1"]
[WhiteTitle "FM"]
[BlackTitle "GM"]
[WhiteElo "2343"]
[BlackElo "2578"]
[WhiteFideId "173444"]
[BlackFideId "108049"]
[EventDate "2013.08.25"]

1. e4 c5 2. Nf3 e6 3. d4 cxd4 4. Nxd4 a6 5. Bd3 Bc5 6. Nb3 Be7 7. Qg4 g6 8. Qe2
d6 9. O-O Nd7 10. f4 Qc7 11. N1d2 b5 12. a4 bxa4 13. Rxa4 Ngf6 14. Nf3 Bb7 15.
Kh1 O-O 16. f5 Nb6 17. Ra5 gxf5 18. exf5 e5 19. Bh6 e4 20. Re1 exf3 21. gxf3 Kh8
22. Qxe7 Bxf3+ 23. Kg1 Rg8+ 24. Kf2 Nbd7 25. h3 d5 26. Kxf3 Qh2 27. Ke3 Rae8 28.
Kd4 Rxe7 29. Rxe7 Qd6 30. Re2 Qb4+ 31. Ke3 Rg3+ 32. Kf2 Rxd3 33. cxd3 Qh4+ 34.
Kg2 Qxh6 35. Rxa6 Qg5+ 36. Kh1 h5 37. Ra8+ Kh7 38. Re7 Qxf5 39. Rxf7+ Kg6 40.
Re7 Qxh3+ 0-1

[Event "88th ch-ARG Superior 2013"]
[Site "Resistance/Saenz Pena ARG"]
[Date "2013.08.28"]
[Round "4.5"]
[White "Perez Ponsa, Federico"]
[Black "Slipak, Sergio"]
[Result "1-0"]
[WhiteTitle "GM"]
[BlackTitle "GM"]
[WhiteElo "2497"]
[BlackElo "2444"]
[WhiteFideId "117927"]
[BlackFideId "100250"]
[EventDate "2013.08.25"]

1. d4 d5 2. c4 e6 3. Nf3 Nf6 4. g3 Bb4+ 5. Bd2 Bd6 6. Bg2 c6 7. O-O Nbd7 8. Bg5
O-O 9. Nbd2 h6 10. Bxf6 Nxf6 11. Qc2 b6 12. e4 Be7 13. e5 Ne8 14. c5 b5 15. Rfe1
a5 16. Bf1 Nc7 17. Bd3 Ba6 18. Qd1 b4 19. Bb1 Nb5 20. Nf1 g6 21. Ne3 Kg7 22. h4
h5 23. Ng2 Rh8 24. Qd2 Qd7 25. Nf4 Rag8 26. Nh3 Ra8 27. Re3 Raf8 28. Bc2 Rb8 29.
Rae1 Nc7 30. Nfg5 Bc4 31. Rf3 Rhf8 32. b3 Ba6 33. Kh2 Nb5 34. Rg1 f6 35. exf6+
Rxf6 36. Rxf6 Bxf6 37. Qd3 Qe8 38. Nxe6+ Kg8 39. Qe3 Bc8 40. Re1 Bxe6 41. Qxe6+
Qxe6 42. Rxe6 Rf8 43. Bxg6 Nxd4 44. Re3 a4 45. bxa4 Ra8 46. Re8+ Rxe8 47. Bxe8
Be7 48. Bxh5 Bxc5 49. Nf4 Kg7 50. a5 Kf6 51. a6 Nb5 52. Kg2 Ke7 53. Be2 Nc7 54.
h5 Bd4 55. Kf3 c5 56. a7 Kd6 57. h6 c4 58. h7 Kc6 59. Ne6 1-0

[Event "88th ch-ARG Superior 2013"]
[Site "Resistance/Saenz Pena ARG"]
[Date "2013.08.28"]
[Round "4.6"]
[White "Mareco, Sandro"]
[Black "Lorenzini, Martin"]
[Result "1-0"]
[WhiteTitle "GM"]
[WhiteElo "2561"]
[BlackElo "2487"]
[WhiteFideId "112275"]
[BlackFideId "105570"]
[EventDate "2013.08.25"]

1. d4 d5 2. c4 c6 3. Nf3 Nf6 4. e3 g6 5. Bd3 Bg7 6. O-O O-O 7. Nc3 Bg4 8. h3
Bxf3 9. Qxf3 Qd6 10. Rd1 Nbd7 11. Qe2 e5 12. cxd5 Nxd5 13. Nxd5 cxd5 14. dxe5
Qxe5 15. Rb1 Nc5 16. b3 Ne4 17. Bb2 Nc3 18. Qf3 Rac8 19. Bf1 Rfd8 20. Rbc1 Qe6
21. Bxc3 Rxc3 22. Rxc3 Bxc3 23. Bc4 Qf6 24. Qxf6 Bxf6 25. Bxd5 b5 26. f4 Kf8 27.
Kf2 Ke7 28. g4 h6 29. Kf3 Kf8 30. e4 Rc8 31. e5 Rc3+ 32. Ke4 Bh4 33. f5 gxf5+
34. gxf5 Rc2 35. f6 Re2+ 36. Kf5 Bg3 37. Be4 1-0